Z jakiej piosenki to wers? - Taco Hemingway - Statystyki

Ogólne statystyki
  • Ten quiz został rozwiązany 1 014 razy
  • Średni wynik to 13 z 37
Statystyki odpowiedzi
Wers Tytuł % Poprawnych
"Słyszę tylko śmiech tych dziewczyn głupich i grubych jak Grzegorz Lato" Trójkąt
69%
"Koledzy, z którymi gotowałem crack w Los Santos" Toskania Outro
57%
"TVP Polonia, stare M jak miłość" ALERT RCB
56%
"Nie musisz mówić nic, jesteś chodzącą anegdotą" Chodź
54%
"Tutaj ma być tragedia. Obok antyczny chór ma stać." Mięso
54%
"Ciekawe, że chciwość to jest jeden z grzechów głównych, co?" Dwuzłotówki Dancing
51%
"Ona wiedząc, że to podłe syczy: "wracaj do siebie na Moskwę"" Łańcuch II: Korek
47%
"Siedem miliardów ludzi w świecie, chyba same barany" 900729
46%
"Widzę twój TikTok i tak zgrzytam ósemkami, że mam ból zębów" Luxembourg
45%
"Wieści o wygranej, a ja napierdalam w "Dziki gon"" Żywot
45%
"Nie boję się Boga, diabła, księdza jak ministrant" LECI NOWY FUTURE
44%
"Ta polska Scarlett Johansson woła "gdzie tańce?", no tam są" Tsunami blond
43%
"Świat był tylko WF-em, lecą myśli serią jak SKS" 2031
40%
"Wypychałem cię na scenę na ten blask Open'era" To by było na tyle
36%
"Oprócz tego tysiąc mask, żeby go nie zwąchał Scooby" Mgła II (Mówisz, masz)
35%
"Bo mogłem skończyć w narkotykach, Fifi - Moltisanti" Modigliani
35%
"Władam sojowym mlekiem, bo jestem soja Posejdon" Awizo
34%
"Artykuły o tym, że nie przywitałem Golców" Nie Mam Czasu
34%
"Oddycham Wisłą. Wcześniej rok nad Tamizą" Od zera
30%
"Znów mam w bani "Odyseję", znowu sam" Reżyseria: Kubrick
30%
"Zachowaj te pieniądze, w Taco Corp nie klepią biedy" Saldo 07
29%
"Mordo, mordo nie wychodzę, mordo, dziś wanna" TIJUANA
28%
"Kto lubi wąchać, kto lubi spalić, kto lubi więcej wypić" POL Smoke
27%
"Mama pyta, czy chcę jakiś przelew, mówię "nie, dziękuję"" KOŁA
26%
"Dzisiaj to wszystko mi idzie po maśle. Myśli buzują jak szprycer" Ściany mają uszy
26%
"To miasto pachnie jak Smoothie i Salad Story" Italodisco
25%
"Czuje się jakbym był w serialu Trudne Sprawy" WUJEK DOBRA RADA
25%
"Musi śpiewać tu z Jagiełłą i Zygmuntem Starym" +4822
24%
"Gdy lądujesz, knajpy w Katalonii wina chłodzą" Ortalion
24%
"W wodzie Fiji mam Solpadeine, dwie tabletki" Big Pharma
22%
"Takie marzenia chciałbym mieć naiwną wiarę jak Wenger" BXL
22%
"Gapią się ludzie jak Muminki, kiedy Buka w Dolinie" Przerywnik
22%
"Wolisz mnie na pierwszych EPkach? Fajnie, weź se "Trójkąt" zakup" SZCZERZE
22%
"Zrzucam ortalion i nawet zapytać nie zdążę co słychać" 35
21%
"Na kawalerski Berussa, na Berlin z Warszawy jak Ondrej" Motorola
17%
"Po osiemnastym chyba będzie już się czas żegnać" Pokedex
16%
"Ja jak Majki Pazdan, kiedy grałeś atak" Karimata (mute)
15%
Nie znaleziono quizów pasujących do podanych kryteriów
Rozkład punktacji
Procent ludzi z każdym wynikiem
Percentyl według liczby udzielonych odpowiedzi
Twoja historia wyników
Nie rozwiązałeś tego quizu